000 00326nam a2200121Ia 4500
008 220204s9999 xx 000 0 und d
020 _a8171568890
082 _a339.52
_bGUP.2
100 _aGupta, K R
245 0 _aWorld trade organisation V.2
260 _aNew Delhi
_bAtlantic Publishers and Distributers
_c2000
942 _cBK
999 _c41930
_d41930